MARC details
| 000 -CABECERA |
| campo de control de longitud fija |
01382nam a2200265 i 4500 |
| 003 - IDENTIFICADOR DEL NÚMERO DE CONTROL |
| campo de control |
DO-SdBNP |
| 005 - FECHA Y HORA DE LA ÚLTIMA TRANSACCIÓN |
| campo de control |
20250116073944.0 |
| 006 - CÓDIGOS DE INFORMACIÓN DE LONGITUD FIJA--CARACTERÍSTICAS DEL MATERIAL ADICIONAL |
| campo de control de longitud fija |
a||||brdr 00| 0 |
| 007 - CAMPO FIJO DE DESCRIPCIÓN FÍSICA--INFORMACIÓN GENERAL |
| campo de control de longitud fija |
ta |
| 008 - DATOS DE LONGITUD FIJA--INFORMACIÓN GENERAL |
| campo de control de longitud fija |
230809e1985 dr adb|| |||| 00| 0 spa d |
| 040 ## - FUENTE DE LA CATALOGACIÓN |
| Centro catalogador/agencia de origen |
DO-SdBNP |
| Lengua de catalogación |
spa |
| Centro/agencia transcriptor |
BNPHU |
| Normas de descripción |
rda |
| 082 #4 - NÚMERO DE LA CLASIFICACIÓN DECIMAL DEWEY |
| Número de edición |
22 |
| Número de documento/Ítem |
R426pr |
| 110 1# - ENTRADA PRINCIPAL--NOMBRE DE ENTIDAD CORPORATIVA |
| Nombre de entidad corporativa o nombre de jurisdicción como elemento de entrada |
República Dominicana. |
| Unidad subordinada |
Secretaría de Estado de Educación, Bellas Artes y Cultos |
| Término indicativo de función/relación |
autor |
| 9 (RLIN) |
23965 |
| 245 10 - MENCIÓN DE TÍTULO |
| Título |
Programas de séptimo grado: |
| Resto del título |
educación general básica. / |
| Mención de responsabilidad, etc. |
Presentación, Emilio Ernesto López Féliz |
| 246 14 - FORMA VARIANTE DE TÍTULO |
| Título propio/Titulo breve |
Séptimo grado |
| 264 ## - PRODUCCIÓN, PUBLICACIÓN, DISTRIBUCIÓN, FABRICACIÓN Y COPYRIGHT |
| Producción, publicación, distribución, fabricación y copyright |
Santo Domingo : |
| Nombre del de productor, editor, distribuidor, fabricante |
[sin editora], |
| Fecha de producción, publicación, distribución, fabricación o copyright |
1985 |
| 300 ## - DESCRIPCIÓN FÍSICA |
| Extensión |
560 páginas : |
| Otras características físicas |
Ilustraciones, gráficas, mapas ; |
| Dimensiones |
27 cm. |
| 336 ## - TIPO DE CONTENIDO |
| Fuente |
rdacontent |
| Término de tipo de contenido |
texto |
| Código de tipo de contenido |
txt |
| 337 ## - TIPO DE MEDIO |
| Fuente |
rdamedia |
| Nombre/término del tipo de medio |
sin mediación |
| Código del tipo de medio |
n |
| 338 ## - TIPO DE SOPORTE |
| Fuente |
rdacarrier |
| Nombre/término del tipo de soporte |
volumen |
| Código del tipo de soporte |
nc |
| 505 ## - NOTA DE CONTENIDO CON FORMATO |
| Nota de contenido con formato |
Presentación.-- Agradecimiento.-- Resolución no. 1237-85.-- Comisión Elaboradora. |
| Título |
Lenguaje al Servicio de la Comunicación.-- Matemáticas.-- Estudios Sociales.-- Formación Integral, Humana y Religiosa.-- La Naturaleza y sus Manifestaciones.-- Actividades Manuales y artes expresivas.-- Artes Plásticas.-- Educación Musical.-- Educación para el Hogar.--Educación Física, Deportes y Recreación.-- Lenguas Extranjeras.-- Orientación. |
| 590 ## - NOTA LOCAL (RLIN) |
| Nota local |
Inventariado 2023 / MF |
| 700 #2 - PUNTO DE ACCESO ADICIONAL--NOMBRE DE PERSONA |
| Nombre de persona |
López Féliz, Emilio Ernesto, |
| Término indicativo de función/relación |
presentador |
| 9 (RLIN) |
83925 |
| 942 ## - ELEMENTOS DE PUNTO DE ACCESO ADICIONAL (KOHA) |
| Fuente del sistema de clasificación o colocación |
Dewey Decimal Classification |
| Tipo de ítem Koha |
Libro |